000 00776nam a2200229Ia 4500
001 3213
003 GE_BSU
008 181216s||||||||xx |||||||||||||| ||und||
040 _cGE_BSU
080 _a517.0(075.8)
100 _aФихтенгольц,Г.М
245 _aКурс дифференциального и интегрального исчисления. Том 2.
245 _bУчебник.
245 _cРед. Г.П.Акилов, Ю.А.Горьков.
250 _aИзд. седьмое, стереотипное.
260 _aМ.
260 _bНаука.
260 _c1969.
300 _a800 стр. с илл. 22 см.
653 _aКурс дифференциального и интегрального исчисления.
942 _cBK
999 _c37254
_d37254